000 00477nam a22001817a 4500
003 NUST - PNEC
005 20170116180806.0
008 150422b xxu||||| |||| 00| 0 eng d
020 _a8171582311
040 _cLIBRARY
082 _a363.73 TRI
100 _92978
_a Raj, Gurdeep;
245 _aMan and Environment
_c Gurdeep; Raj
260 _aNew Delhi
_bAkashdeep Publishing House
_cc1992.
300 _a304p. :
650 _92981
_aPollution
_xGeneral
942 _2ddc
_cBK
999 _c63191
_d63191